| 000 | 00949na a2200253 4500 | ||
|---|---|---|---|
| 001 | 16914 | ||
| 003 | MIRAKIL | ||
| 005 | 20181213154834.0 | ||
| 008 | 161017b tu 000 0 | ||
| 040 |
_aMilas _btur _cTR-AnCHP |
||
| 041 | _atur | ||
| 082 |
_a362.5 _bS67s 2007 |
||
| 090 | _a362.5 S67s 2007 | ||
| 110 | _aSosyal Yardımlaşma ve Dayanışma Genel Müdürlüğü | ||
| 245 |
_aSosyal Yardımlaşma ve Dayanışma Genel Müdürlüğü'nün sosyal yardım ve proje destek faaliyetlerinin etki analizi araştırma raporu _cYayıma hazırlayanlar Pınar Günal, A. Fatih Ortakaya, Ersin Biçer |
||
| 260 |
_aAnkara _bSosyal Yardımlaşma ve Dayanışma Genel Müdürlüğü _c2007 |
||
| 300 |
_a364 s. _btbl. ; grf. _c24 sm. |
||
| 650 |
_aYardımlaşma _xKurumlar _yRaporlar |
||
| 650 |
_aSosyal yardım _xRaporlar _zTürkiye |
||
| 700 | _aBiçer, Ersin | ||
| 700 | _aOrtakaya, Fatih A. | ||
| 700 | _aGünal, Pınar | ||
| 942 |
_2dcc _cBKS |
||
| 999 |
_c1775 _d1775 |
||